000 00807nab a2200241 u 4500
001 15651
003 HDC
007 cr bn ---aaaaa
008 210218c20150728my dr|nes 0 a may d
040 _aHDC
245 0 _aWadah rungkai ekosistem kritikal kewangan Islam
260 _aKuala Lumpur :
_bThe New Straits Times Press (M) Bhd.,
_c2015
336 _atext
_2rdacontent
337 _acomputer
_2rdamedia
338 _aonline resource
_2rdacarrier
650 _afinancial industry
_98028
650 _aislamic financial forum
_915786
710 _aHarian Metro
856 _zRequest full-text at [email protected]
942 _2lcc
942 _cNEWS
942 _kNWSC 005860
999 _c12967
_d12967